1215 1411 1538 1655 1384 1760 1715 1208 1195 1722 1447 1176 1576 1311 1003 1188 1783 1024 1943 1000 1632 1305 1084 1900 1747 1723 1891 1546 1499 1927 1592 1721 1714 1696 1425 1984 1457 1404 1803 1822 1925 1744 1445 1283 1146 1446 1323 1113 1913 1694 1505 1394 1967 1504 1101 1318 1871 1842 1351 1259 1334 1236 1873 1695 1158 1123 1065 1626 1315 1800 1455 1442 1180 1641 1409 1029 1606 1400 1616 1264 1484 1438 1905 1581 1193 1636 1499 1974 1362 1211 1514 1514 1507 1598 1010 1897 1249 1042 1398 BCNSPRNW ULIB Ver.6.0+V

เปลี่ยนเป็นภาษาไทย

Change to English
 แสดงรายละเอียดบรรณานุกรม
  กลับหน้าหลัก

Brief Record : Get Marc (ISO 2709) : E-mail record : QR code < ปิดหน้าต่าง
LEADER : 00000nam 2200000uu 4500
001    13399120731
003     ULIB
008    121005s2552||||th 000 0 tha d
020    ^a9786117023019
050 04 ^aBQ4420.G6^bร649ค
100 0  ^aรุ่งอรุณ
245 10 ^aคู่มือสร้างบุญ อุ่นใจตลอดชาติ /^cรุ่งอรุณ
260    ^aกรุงเทพฯ :^bbusy-day,^c2552
300    ^a237 หน้า
650  7 ^aทำบุญ
945    ^p155^l0^i16184
949    ^aวิภา
999 ^a ใช้งานได้ทุกระบบ
รายการนี้ยังไม่มีแท็ก
คุณยังไม่ได้ล็อกอิน คุณสามารถมีกิจกรรมร่วมกับเว็บไซต์ได้ แต่ต้องล็อกอินก่อน ::
  ล็อกอิน

รายการสื่อสารสนเทศ

ลำดับที่ ประเภท เลขเรียก/บาร์โค้ด สถานที่ สถานะ
1. วิทยาศาสตร์การแพทย์ และสุขภาพ
วิทยาศาสตร์การแพทย์ และสุขภาพ
BQ4420.G6 ร649ค  
  Barcode: 16184
ห้องสมุดวิทยาเขตสวรรค์ประชารักษ์
►หนังสือทั่วไป
บนชั้น

รายการใกล้เคียง
    ผู้แต่ง [รุ่งอรุณ]

    หัวเรื่อง [ทำบุญ]

BibComment


ยังไม่เคยถูกคอมเมนท์

คอมเมนท์ทรัพยากรรายการนี้
  คอมเมนท์: คู่มือสร้างบุญ อ..


 Copyright 2026. Bcnsprnw @Library